000 00701nam 22002173 4500
001 198984
010 _a972-42-32237-9
021 _b210767/04
090 _a198984
100 _a20251112d u||y0pory50 ba
200 _aHistória do esoterismo e das ciências ocultas
_fJean-Paul Corsetti
_gtradução de Maria Eduarda Correia
210 _aLisboa
_cCírculo de Leitores
_d2004
215 _a313 p.
_cencadenado
_d24 cm
606 _97904
_aFilosofia da mente e do espírito. Metafísica da vida espiritual
610 _aEsoterismo
610 _aCiências ocultas
675 _a13
_vPT
_zpor
700 _914891
_aCorsetti
_bJean-Paul
801 _aPT
_bBMMN
_gRPC
830 _cFernando
_fFernando
990 _cLIVROS